000 00231 a2200085 4500
020 _a9788119510115
100 _aBahga, Surinder
245 _aForm follows roots Architecture for India 1985-2021
260 _bWhite Falcon Publishing
_c2023
999 _c12506
_d12506